Fictional People Named John - Statistics

General Stats
  • This quiz has been taken 14,552 times
    9,706 since last reset
  • The average score is 9 of 20
Answer Stats
Clue Answer % Correct
Sherlock's sidekick Dr. John Watson
90%
"Pirates of the Caribbean" protagonist Jack Sparrow
80%
Commando portrayed by Stallone John Rambo
72%
Robin Hood's second-in-command Little John
72%
Assassin portrayed by Keanu Reevesin several movies John Wick
68%
Game of Thrones protagonistwho "knows nothing" Jon Snow
67%
Also known as Old Man Winter Jack Frost
65%
Semi-legendary person who planted apple trees in the US Johnny Appleseed
65%
"Treasure Island" pirate Long John Silver
52%
Terminators were sent to kill him John Connor
50%
"Die Hard" hero John McClane
50%
His middle names are Jacob and Jingleheimer John Schmidt
36%
Tom Clancy character who becomes President Jack Ryan
31%
Steel-driving man who died while racing a machine John Henry
23%
Shut your mouth, unless you're talking about this 1970s detective John Shaft
23%
British version of Uncle Sam? John Bull
22%
Fantastic Four member also knownas the Human Torch Johnny Storm
21%
Garfield's owner Jon Arbuckle
21%
"Mortal Kombat" combatant Johnny Cage
20%
Who is this "Atlas Shrugged" leader? John Galt
14%
No matching quizzes found
Score Distribution
Percent of People with Each Score
Percentile by Number Answered
Your Score History
You have not taken this quiz since the last reset